Contemporary State Land Matters in Nigeria: The Case of Lagos State (Record no. 1986)

MARC details
000 -LEADER
fixed length control field 00379nam a22001337a 4500
008 - FIXED-LENGTH DATA ELEMENTS--GENERAL INFORMATION
fixed length control field 250220b |||||||| |||| 00| 0 eng d
020 ## - INTERNATIONAL STANDARD BOOK NUMBER
ISBN 9783614371
100 ## - MAIN ENTRY--AUTHOR
Author OKUNNU, Femi
245 ## - TITLE STATEMENT
Title Contemporary State Land Matters in Nigeria: The Case of Lagos State
260 ## - PUBLICATION, DISTRIBUTION, ETC. (IMPRINT)
Place of publication Benin City
Name of publisher Sankure Publishers Ltd.
Date of publication 2003
300 ## - COLLATION
Pagination xii, 284p.
942 ## - ADDED ENTRY ELEMENTS (KOHA)
Item type Books
050 ## - LIBRARY OF CONGRESS CALL NUMBER
Classification number HD1249
Item number .O38
Holdings
Source of classification or shelving scheme Not for loan Permanent location Current location Date acquired Accession No. Full call number Barcode. Koha item type
Library of Congress Classification   Samuel Ogbemudia Main Library, University of Abuja Samuel Ogbemudia Main Library, University of Abuja 02/20/2025 2017/49646 HD1249.O38 2025-0123 Books
Library of Congress Classification   Samuel Ogbemudia Main Library, University of Abuja Samuel Ogbemudia Main Library, University of Abuja 02/20/2025 2017/49646 HD1249.O38 2025-0124 Books